000 01262nam a22002537a 4500
005 2008120305595.0
008 081203t xxu||||| |||| 00| 0 hin d
010 _aHIN-85322
020 _a9788184550627
_c495.00
035 _aHN-57668
037 _bDBAD / PUB
040 _aDPL
_bHN
082 _a333.707
100 _aवोहरा, वंदना
245 _aपर्यावरण अध्ययन /
_cवंदना वोहरा
246 _aEnvironmental Study
_bby Vandna Vohra
260 _aनई दिल्ली
_bओमेगा पब्लिकेशन
_c2008
270 _a4398/5, अंसारी रोड, दरियागंज
_bनई दिल्ली
_e110 002
_k6590 1906
_momega_publications@yah00.com
300 _a284पृ.
_c21सेमी(सजिल्द)
650 _aपर्यावरण विज्ञान
_xअध्ययन एवं अध्यापन
_zभारत
650 _aEnvironmental science
_xStudy and teaching
942 _2ddc
_cHN
_mवोहरा
_h333.707
999 _c19437
_d19437